000 00745nam a2200229Ii 4500
003 JO-AjNU
008 230605s9999||||xx |||||||||||||| ||und||
017 _a1998/1/115
020 _a978-9957-11-684-3
040 _aJO-AjNU
_bara
_erda
_cJO-AjNU
041 _aara
050 1 4 _aQ180.AI.R543 2014
100 3 _aالرفاعي ، احمد حسين,
_eauthor
_948426
245 0 0 _aمناهج البحث العلمي تطبيقات اداريه واقتصاديه
250 _aط7
264 3 1 _aعمان:داروائل ، 2003
300 _a315ص
336 _atext
_btxt
_2rdacontent
337 _aunmediated
_bn
_2rdamedia
338 _avolume
_bnc
_2rdacarrier
650 4 _aالمعارف العامه - البحث العلمي
_948427
999 _aA21207
_c24775
_d24775